000 nam a22 7a 4500
999 _c141327
_d141325
005 20180712110756.0
008 180605b nyu||||| |||| 00| 0 eng d
020 _a0312346336
050 0 4 _aML1700
_bV53 1979
100 1 _aVicker, Hugh
245 1 0 _aGreat operatic disasters
_b/ Hugh Vickers ; illustrated by Michael Ffolkes ; with an introduction by Peter Ustinov.
250 _a1a ed.
260 _aNew York :
_bSt. Martin´s Press Inc.,
_c1979
300 _a80 p. :
_bil. ;
_c20 cm.
504 _aIncluye índice
650 7 _2lemb
_aOpera
650 7 _2lemb
_aMúsica
_xAnécdota, sátira
700 1 _aFfolkes, Michael,
_eIlustrador
700 1 _aUstiniv, Peter,
_eIntroducción
942 _2lcc
_cLIB